Hauptstädte Afrikas - Blindes tippen - Statistiken

Allgemein
  • Dieses Quiz wurde 37 mal gespielt
  • Das Durchschnittsergebnis liegt bei 42 aus 57
Antwortstatistiken
Land Hauptstadt % Korrekt
Ägypten Kairo
90%
Algerien Algier
86%
Senegal Dakar
86%
Libyen Tripolis
86%
Äthiopien Addis Abeba
83%
Sierra Leone Freetown
83%
Kenia Nairobi
83%
Marokko Rabat
83%
Tunesien Tunis
83%
Madagaskar Antananarivo
79%
Zentralafrikanische Republik Bangui
79%
Simbabwe Harare
79%
Demokratische Republik Kongo Kinshasa
79%
Gabun Libreville
79%
Angola Luanda
79%
Mosambik Maputo
79%
Eswatini Mbabane
79%
Südafrika Pretoria
79%
São Tomé und Príncipe São Tomé
79%
Seychellen Victoria
79%
Nigeria Abuja
76%
Republik Kongo Brazzaville
76%
Dschibuti Dschibuti
76%
Kamerun Jaunde
76%
Südsudan Juba
76%
Uganda Kampala
76%
Ruanda Kigali
76%
Togo Lomé
76%
Mauretanien Nouakchott
76%
Eritrea Asmara
72%
Gambia Banjul
72%
Burundi Gitega
72%
Sudan Khartum
72%
Äquatorial-Guinea Malabo
72%
Liberia Monrovia
72%
Komoren Moroni
72%
Tschad N'Djamena
72%
Mauritius Port Louis
72%
Benin Porto-Novo
72%
Kap Verde Praia
72%
Namibia Windhoek
72%
Elfenbeinküste Yamoussoukro
72%
Mali Bamako
69%
Guinea Conakry
69%
Tansania Dodoma
69%
Sambia Lusaka
69%
Lesotho Maseru
69%
Somalia Mogadischu
69%
Niger Niamey
69%
Ghana Accra
66%
Botswana Gaborone
66%
Burkina Faso Ouagadougou
66%
Guinea-Bissau Bissau
62%
Südafrika Kapstadt
62%
Malawi Lilongwe
59%
Südafrika Bloemfontein
45%
Benin Cotonou
21%
Keine übereinstimmenden Quizze gefunden
Verteilung der Resultate
Anzahl Personen mit jedem Resultat
Perzentil nach korrekt beantworteten Fragen
Ihre Resultats-Entwicklung
Sie haben dieses Quiz noch nicht gespielt